000
00304nam a22001337a 4500
008
170627b xxu||||| |||| 00| 0 eng d
020
_a
9780138382360
041
_a
eng
080
_a
81
100
_a
21
101
_a
GJL
245
_a
PRENTICE HALL LITERARTURE SILVER
_c
BRONZE.C
942
_2
udc
_c
BK
999
_c
19298
_d
19298